| 000 | 00683nam a2200193Ia 4500 | ||
|---|---|---|---|
| 003 | 0 | ||
| 005 | 20250127094934.0 | ||
| 008 | 150126s9999 xx 000 0 und d | ||
| 050 |
_aPHS LB 2838 _b.Ab118 2014 |
||
| 100 | _aAbarsoza, Genevie F. | ||
| 245 |
_aTeaching styles and motivation to teach among SISC faculty members / _cGenevie F. Abarsoza. |
||
| 260 |
_aLas PiƱas City, Philippines : _bSouthville International School and Colleges, _c2014. |
||
| 300 |
_a27 pages : _billustration ; _c28 cm. |
||
| 504 | _aIncludes bibliographical references. | ||
| 650 | _aEffective Teaching. | ||
| 650 | _aTeaching Strategies. | ||
| 650 | _aMotivation in education. | ||
| 942 |
_2lcc _cPASS |
||
| 999 |
_c278649 _d278649 |
||